| 000 | 00468nam a22001457a 4500 | ||
|---|---|---|---|
| 999 |
_c4535 _d4535 |
||
| 008 | 161108b xxu||||| |||| 00| 0 eng d | ||
| 020 | _a978-0-12-641840-8 | ||
| 082 | _a312 SIE | ||
| 100 | _aSiegel, Jacob.- | ||
| 245 |
_aApplied Demograpphy: _bApplications to Business, Government, Law, and Public Policy/ _cJacob S. Siegel.- _hEnglish. |
||
| 260 |
_aSan Diego: _bAcademic Press, _c2002. |
||
| 300 |
_a686p.; _bill.; _c26cm.- |
||
| 650 | _2Demography | ||
| 942 |
_2ddc _cBOOKS |
||